000 00541nam a2200169 i 4500
001 76569
003 ES-MaACL
005 20230906172901.0
007 t|
008 041004s1926 fr ||||1| fre d
100 1 _aGuillain, Georges.
_960705
245 1 0 _aAnatomie topographique du système nerveux central /
_cpar Georges Guillain, Ivan Bertrand.
260 _aParis :
_bMasson et Cie,
_c1926 (
_eLaval :
_fBarnéoud Fréres)
300 _aVII, 321 p. :
_bil. ;
_c28 cm.
700 1 _aBertrand, Ivan.
_928527
852 _aES-MaACL
_jB-11150
999 _c76569
_d76569